[Event "Manavgat Turkey Cup"]
[Site "Manavgat"]
[Date "2015.02.05"]
[Round "8"]
[White "Yazici, Ugur Doga"]
[Black "Hatiboglu, Mehmet Can"]
[Result "1-0"]
[WhiteElo "1979"]
[BlackElo "1693"]
[PlyCount "107"]
[EventDate "2015.01.31"]
[EventType "swiss"]
[EventRounds "11"]
[EventCountry "TUR"]
[SourceTitle "CBM 164 Extra"]
[Source "ChessBase"]
[SourceDate "2015.03.02"]
[SourceVersion "1"]
[SourceVersionDate "2015.03.02"]
[SourceQuality "1"]

1. e4 c5 2. Nf3 e6 3. b3 d6 4. Bb2 Nc6 5. d4 cxd4 6. Nxd4 Nf6 7. Bd3 e5 8. Ne2 Be7 9. c4 0-0 10. Nbc3 Re8 11. 0-0 Nd7 12. Kh1 Nc5 13. f4 Bg4 14. f5 f6 15. h3 Bxe2 16. Bxe2 Qd7 17. Bf3 b6 18. Nd5 Bf8 19. Qd2 Ne7 20. Nc3 a6 21. b4 Nb7 22. Bd1 Qc7 23. Bb3 Kh8 24. Qf2 a5 25. a3 Red8 26. Rfb1 Qc6 27. Qe2 g6 28. fxg6 Nxg6 29. Nd5 Bh6 30. Qf2 a4 31. Ba2 b5 32. cxb5 Qxb5 33. Nc7 Qd3 34. Nxa8 Qxe4 35. Re1 Qc6 36. Qb6 Qc2 37. Bb1 Qxb2 38. Bxg6 Rg8 39. Be4 f5 40. Qxb7 fxe4 41. Qxe4 Bf4 42. Nb6 Rg3 43. Qe2 Qd4 44. Nxa4 Qd5 45. Qe4 Qb3 46. Nb6 Rxh3+ 47. gxh3 Qxh3+ 48. Kg1 Bh2+ 49. Kf2 Bg3+ 50. Ke2 Qh2+ 51. Kd3 Bf4 52. Qa8+ Kg7 53. Rg1+ Kf7 54. Qg8+ 1-0

[Event "Istanbul op-B 12th"]
[Site "Istanbul"]
[Date "2013.10.13"]
[Round "3"]
[White "Hatiboglu, Mehmet Can"]
[Black "Aktan, Mehmet Tolga"]
[Result "1/2-1/2"]
[WhiteElo "1695"]
[BlackElo "1762"]
[PlyCount "22"]
[EventDate "2013.10.12"]
[EventType "swiss"]
[EventRounds "9"]
[EventCountry "TUR"]
[SourceTitle "EXT 2014"]
[Source "ChessBase"]
[SourceDate "2013.11.20"]
[SourceVersion "1"]
[SourceVersionDate "2013.11.20"]
[SourceQuality "1"]

1. d4 Nf6 2. c4 e6 3. Nf3 d5 4. e3 Nbd7 5. Bd3 dxc4 6. Bxc4 Nb6 7. Bd3 c5 8. 0-0 Be7 9. Nc3 0-0 10. Qe2 Bd7 11. Rd1 Qc7 1/2-1/2

[Event "TUR-ch"]
[Site "Antalya"]
[Date "2013.02.07"]
[Round "9"]
[White "Hatiboglu, Mehmet Can"]
[Black "Dedebas, Emre Emin"]
[Result "0-1"]
[WhiteElo "1688"]
[BlackElo "1848"]
[PlyCount "79"]
[EventDate "2013.02.02"]
[EventType "swiss"]
[EventRounds "11"]
[EventCountry "TUR"]
[SourceTitle "CBM 152 Extra"]
[Source "ChessBase"]
[SourceDate "2013.02.25"]
[SourceVersion "1"]
[SourceVersionDate "2013.02.25"]
[SourceQuality "1"]

1. e4 c5 2. Nc3 Nc6 3. f4 g6 4. Nf3 Bg7 5. d3 e6 6. Be3 d6 7. Rb1 Nge7 8. Be2 0-0 9. 0-0 Nd4 10. a3 Bd7 11. h3 b5 12. Na2 a5 13. c3 Nxe2+ 14. Qxe2 b4 15. d4 Qc7 16. e5 dxe5 17. fxe5 Nd5 18. Bf2 cxd4 19. cxd4 Qb7 20. Rfc1 Bc6 21. Qd2 Nb6 22. Ne1 Bd5 23. b3 Be4 24. Ra1 bxa3 25. Nc3 Rfd8 26. Qe3 Bc6 27. Rxa3 Bf8 28. Ra2 Nd5 29. Nxd5 Bxd5 30. Rca1 Qb6 31. Nf3 Rdb8 32. Nd2 Qc6 33. Rxa5 Rxa5 34. Rxa5 Bxg2 35. Be1 Bd5 36. Ra7 Qb6 37. Rd7 Bc6 38. Nc4 Qb5 39. Rc7 Qd5 40. Bd2 0-1